| 000 | 01352nam a2200253 i 4500 | ||
|---|---|---|---|
| 003 | DO-SdBNP | ||
| 005 | 20231116082410.0 | ||
| 007 | ta | ||
| 008 | 110413s197- ck a 000 j spa d | ||
| 040 |
_aDO-SdBNP _bspa _cBNPHU _erda |
||
| 082 |
_bA926 _222 |
||
| 100 | 1 |
_aAun Weor, Samuel _d1917-1977 _qVíctor Manuel Gómez Rodríguez _984645 |
|
| 245 | 1 | 0 |
_aVoluntad cristo / _cSamael Aun Weor |
| 250 | _a4a. edición | ||
| 264 | 1 |
_a[Colombia] : _b[editor no identificado], _c[197-]. |
|
| 300 |
_a149 páginas _c16 cm. |
||
| 336 |
_2rdacontent _atexto _btxt |
||
| 337 |
_2rdamedia _asin mediación _bn |
||
| 338 |
_2rdacarrier _avolumen _bnc |
||
| 500 | _aVíctor Manuel Gómez Rodríguez (Bogotá, 6 de marzo de 1917 - Ciudad de México 24 de diciembre de 1977), conocido como Aun Weor (desde 1947) y como Samael Aun Weor (desde 1954), fue un esoterista, escritor y conferencista colombiano, fundador del movimiento gnóstico moderno, que algunos autores denominan neognosticismo, haciendo referencia a la época en la que diseminó su enseñanza. Tras su muerte surgieron otras organizaciones que se denominan «gnósticas» ―como derivaciones del movimiento inicial que el V.M Samael Aun Weor fundó en América Latina, España y otras partes del mundo. | ||
| 590 | _aInventariado, 2023/ YL | ||
| 910 | _aYLockward | ||
| 942 |
_2ddc _cLBS1 |
||
| 999 |
_c55510 _d55510 |
||